Who's that celeb? - Statistics

General Stats
  • This quiz has been taken 18 times
  • The average score is 12 of 16
Answer Stats
Picture Answer % Correct
Bob Marley
100%
Lionel Richie
100%
Sandra Bullock
100%
Tiger Woods
100%
Tom Hanks
100%
Lady Gaga
94%
Michael J Fox
88%
Nicole Kidman
88%
Samuel L Jackson
88%
Dame Margaret Smith
82%
Zendaya
76%
Tobey Maguire
65%
Sally Field
59%
Jason Bateman
47%
Joan Cusack
35%
Evan Peters
18%
No matching quizzes found
Score Distribution
Percent of People with Each Score
Percentile by Number Answered
Your Score History
You have not taken this quiz